Capital instincts : (Record no. 5233)
[ view plain ]
| 000 -LEADER | |
|---|---|
| fixed length control field | 01763nac a22003615a 4500 |
| 005 - DATE AND TIME OF LATEST TRANSACTION | |
| control field | 20150811100110.0 |
| 008 - FIXED-LENGTH DATA ELEMENTS--GENERAL INFORMATION | |
| fixed length control field | 150805t2003 xxua fr b 001 0 eng d |
| 010 ## - LIBRARY OF CONGRESS CONTROL NUMBER | |
| LC control number | 2002155479 |
| 020 ## - INTERNATIONAL STANDARD BOOK NUMBER | |
| International Standard Book Number | 0471214175 (cloth : perm. paper) |
| 020 ## - INTERNATIONAL STANDARD BOOK NUMBER | |
| International Standard Book Number | 9780471214175 |
| 040 ## - CATALOGING SOURCE | |
| Original cataloging agency | EG-ScBUE |
| Language of cataloging | eng |
| Transcribing agency | EG-ScBUE |
| 082 04 - DEWEY DECIMAL CLASSIFICATION NUMBER | |
| Classification number | 332.1092 |
| Item number | BRA |
| Edition number | 22 |
| 100 1# - MAIN ENTRY--PERSONAL NAME | |
| Personal name | Brandt, Richard L. |
| 245 10 - TITLE STATEMENT | |
| Title | Capital instincts : |
| Remainder of title | life as an entrepreneur, financier, and athlete / |
| Statement of responsibility, etc | Richard L. Brandt ; with contributions by Thomas Weisel. |
| 260 ## - PUBLICATION, DISTRIBUTION, ETC. (IMPRINT) | |
| Place of publication, distribution, etc | Hoboken, New Jersey : |
| Name of publisher, distributor, etc | John Wiley & Sons, |
| Date of publication, distribution, etc | c.2003. |
| 300 ## - PHYSICAL DESCRIPTION | |
| Extent | xv, 336 p. : |
| Other physical details | photos ; |
| Dimensions | 24 cm. |
| 500 ## - GENERAL NOTE | |
| General note | Index : p. 325-336 |
| 504 ## - BIBLIOGRAPHY, ETC. NOTE | |
| Bibliography, etc | Bibliography: p. 311-313. |
| 505 0# - FORMATTED CONTENTS NOTE | |
| Formatted contents note | Never underestimate Thom Weisel -- Life on the edge of a precipice -- Of midget boys and men -- Breaking away -- A good place to be -- Passion is good -- Skiing, cycling, selling stocks -- Postal services -- The buildup -- Politics and art -- The big sale -- The big boom -- Conflicted -- The new age and old age. |
| 511 ## - PARTICIPANT OR PERFORMER NOTE | |
| Participant or performer note | Catalogued By :Mahitab . |
| 590 ## - LOCAL NOTE (RLIN) | |
| Local note | Mohamed Hussein |
| 600 10 - SUBJECT ADDED ENTRY--PERSONAL NAME | |
| Personal name | Weisel, Thomas. |
| 650 #0 - SUBJECT ADDED ENTRY--TOPICAL TERM | |
| Topical term or geographic name as entry element | Capitalists and financiers |
| Geographic subdivision | United States |
| Form subdivision | Biography. |
| Source of heading or term | BUEsh |
| 650 #0 - SUBJECT ADDED ENTRY--TOPICAL TERM | |
| Topical term or geographic name as entry element | Businesspeople |
| Geographic subdivision | United States |
| Form subdivision | Biography. |
| Source of heading or term | BUEsh |
| 9 (RLIN) | 28129 |
| 651 ## - SUBJECT ADDED ENTRY--GEOGRAPHIC NAME | |
| Source of heading or term | BUEsh |
| 653 ## - INDEX TERM--UNCONTROLLED | |
| Resource For college | BAEPS, Business Administration |
| Arrived date list | August2015 |
| 700 1# - ADDED ENTRY--PERSONAL NAME | |
| Personal name | Weisel, Thomas, |
| Relator term | contributor. |
| 700 1# - ADDED ENTRY--PERSONAL NAME | |
| Personal name | Armstrong, Lance. |
| 856 42 - ELECTRONIC LOCATION AND ACCESS | |
| Materials specified | Contributor biographical information |
| Uniform Resource Identifier | <a href="http://www.loc.gov/catdir/bios/wiley046/2002155479.html">http://www.loc.gov/catdir/bios/wiley046/2002155479.html</a> |
| 856 42 - ELECTRONIC LOCATION AND ACCESS | |
| Materials specified | Publisher description |
| Uniform Resource Identifier | <a href="http://www.loc.gov/catdir/description/wiley0310/2002155479.html">http://www.loc.gov/catdir/description/wiley0310/2002155479.html</a> |
| 856 42 - ELECTRONIC LOCATION AND ACCESS | |
| Materials specified | Table of contents |
| Uniform Resource Identifier | <a href="http://www.loc.gov/catdir/toc/wiley031/2002155479.html">http://www.loc.gov/catdir/toc/wiley031/2002155479.html</a> |
| 942 ## - ADDED ENTRY ELEMENTS (KOHA) | |
| Item type | Book - Borrowing |
| Call number prefix | 332.1092 BRA |
| Source of classification or shelving scheme | Dewey Decimal Classification |
| Withdrawn status | Item status | Source of classification or shelving scheme | Damaged status | Not for loan | Home library | Current library | Shelving location | Date acquired | Source of acquisition | Total Checkouts | Total Renewals | Full call number | Barcode | Date last seen | Date last borrowed | Koha item type |
|---|---|---|---|---|---|---|---|---|---|---|---|---|---|---|---|---|
| Dewey Decimal Classification | Central Library | Central Library | First floor | 22/10/2007 | Purchase | 1 | 1 | 332.1092 BRA | 000006455 | 15/07/2025 | 23/12/2009 | Book - Borrowing |